Picasso (Registo nº 53)

Detalhes MARC
000 -Etiqueta do registo
Cabeçalho 00540nam0a22002531 4500
005 - Identificador da versão
Campo de controlo 20240821122751.0
010 ## - Número internacional normalizado dos livros (ISBN)
Número (ISBN) 3822861480
021 ## - Número do Depósito Legal
Código do país PT
035 ## - Other System Control Numbers
System Control Number 0000056
System Control Number 0000056
System Control Number 0000056
System Control Number 0000056
100 ## - Dados gerais de processamento
Dados gerais de processamento 20041102d a e0pory5003 ba
101 1# - Língua de publicação
Língua do texto, banda sonora, etc. Português
Língua do documento no original Inglês
102 ## - Pais de publicação ou produção
País de publicação Portugal
105 ## - Campo de dados codificados: livros
Dados codificados dos livros y z 001yy
106 ## - Campo de dados codificados: material textual
Dados codificados do material textual r
200 1# - Titulo e menção de responsabilidade
Título próprio Picasso
Informação de outro título O Génio do Século
Primeira menção de responsabilidade Ingo F. Walther
210 ## - Publicação, Distribuição, etc. 
Nome do editor, distribuidor, etc. Taschen
Data da publicação, distribuição, etc. 2000
215 ## - Descrição física 
Indicação específica da natureza do documento e extensão da espécie p.96
Dimensões cm
942 ## - Elementos de entrada adicionados (Koha)
Tipo de item no Koha Livro
966 ## - Identificação da Biblioteca
Sigla NUMETECA
Exemplares
Situação do levantamento Origin of item (home branch) (coded) Biblioteca de empréstimo Código de barras Cota Circulation type (not for loan) Tipo de documento Nota do exemplar Damaged status
  Biblioteca Escolar Eng. Nuno Mergulhão Biblioteca Escolar Eng. Nuno Mergulhão BENM724 75PIN WAL   Livro Sem mensagem